| 000 | 00563nam a2200193 a 4500 | ||
|---|---|---|---|
| 001 | 1770713644263 | ||
| 003 | YourLibrary | ||
| 005 | 20260210142827.0 | ||
| 008 | 260210s2003##################000#0#eng## | ||
| 020 | _a9780854042906 | ||
| 082 | 0 | 4 |
_a333.794 _bHES |
| 100 | 1 |
_aHester, Ronald E., _eauthor. |
|
| 245 | 1 | 0 | _aSustainability and Environmental Impact of Renewable Energy Sources : |
| 260 |
_bRoyal Society of Chemistry, _c2003. |
||
| 300 | _a157 pages | ||
| 650 | 0 | _aBusiness & Economics. | |
| 942 | _cENGLISH | ||
| 040 |
_aYourLibrary _beng _cYourLibrary |
||
| 999 |
_c611363 _d611363 |
||